Curso superior de lengua española básica II / (Registro nro. 13535)
[ vista simple ]
| 000 -LEADER | |
|---|---|
| fixed length control field | 01131nam a2200337 a 4500 |
| 001 - CONTROL NUMBER | |
| control field | |
| 003 - CONTROL NUMBER IDENTIFIER | |
| control field | |
| 005 - DATE AND TIME OF LATEST TRANSACTION | |
| control field | 20210526073025.0 |
| 008 - FIXED-LENGTH DATA ELEMENTS--GENERAL INFORMATION | |
| fixed length control field | 100521s2017 dr a 000 0 spa d |
| 020 ## - INTERNATIONAL STANDARD BOOK NUMBER | |
| International Standard Book Number | 9789945168105 |
| 040 ## - CATALOGING SOURCE | |
| Original cataloging agency | BPMSU |
| Language of cataloging | spa |
| Transcribing agency | BPMSU |
| 082 ## - DEWEY DECIMAL CLASSIFICATION NUMBER | |
| Classification number | 460.7 |
| Item number | M492c, 2017 |
| Edition number | 22 |
| 100 1# - MAIN ENTRY--PERSONAL NAME | |
| Personal name | Medrano, Sonia |
| 245 10 - TITLE STATEMENT | |
| Title | Curso superior de lengua española básica II / |
| Statement of responsibility, etc. | Sonia Medrano, Cristina Hernández ; prólogo Riselda Perdomo, Fátima María. Toribio. |
| 250 ## - EDITION STATEMENT | |
| Edition statement | 2a ed. |
| 260 ## - PUBLICATION, DISTRIBUTION, ETC. (IMPRINT) | |
| Place of publication, distribution, etc. | Santo Domingo : |
| Name of publisher, distributor, etc. | UASD, |
| Date of publication, distribution, etc. | 2017 |
| 300 ## - PHYSICAL DESCRIPTION | |
| Extent | V.; |
| Dimensions | 21 cm. |
| 500 ## - GENERAL NOTE | |
| General note | Guía práctica para el uso adecuado de la lengua española, orientada hacia la formación del pensamiento y el logro de una comunicación eficaz.- En portada. |
| 500 ## - GENERAL NOTE | |
| General note | |
| 504 ## - BIBLIOGRAPHY, ETC. NOTE | |
| Bibliography, etc | Bibliografía : p. 123-124 |
| 590 ## - LOCAL NOTE (RLIN) | |
| Local note | Inventariado, 2020/VM |
| 650 #4 - SUBJECT ADDED ENTRY--TOPICAL TERM | |
| Topical term or geographic name as entry element | Español |
| General subdivision | Enseñanza |
| 650 #4 - SUBJECT ADDED ENTRY--TOPICAL TERM | |
| Topical term or geographic name as entry element | Español |
| General subdivision | Gramática |
| 650 #4 - SUBJECT ADDED ENTRY--TOPICAL TERM | |
| Topical term or geographic name as entry element | Ortografía |
| General subdivision | Enseñanza |
| 700 12 - ADDED ENTRY--PERSONAL NAME | |
| Personal name | Hernández, Cristina |
| 700 12 - ADDED ENTRY--PERSONAL NAME | |
| Personal name | Perdomo, Riselda, |
| Relator term | pról. |
| 700 12 - ADDED ENTRY--PERSONAL NAME | |
| Personal name | Toribio, Fátima María, |
| Relator term | pról. |
| 910 ## - USER-OPTION DATA (OCLC) | |
| User-option data | VMateo |
| 942 ## - ADDED ENTRY ELEMENTS (KOHA) | |
| Source of classification or shelving scheme | Dewey Decimal Classification |
| Koha item type | Libros |
| 956 ## - LOCAL ELECTRONIC LOCATION AND ACCESS (OCLC) | |
| Host name | |
| Withdrawn status | Lost status | Source of classification or shelving scheme | Damaged status | Not for loan | Collection code | Home library | Current library | Date acquired | Source of acquisition | Full call number | Barcode | Date last seen | Copy number | Price effective from | Koha item type |
|---|---|---|---|---|---|---|---|---|---|---|---|---|---|---|---|
| Dewey Decimal Classification | Colección Dominicana | Biblioteca Pública Metropolitana Salomé Ureña | Biblioteca Pública Metropolitana Salomé Ureña | 05/26/2021 | Editora Búho | BPMSU CD 460.7 M492c 2017 | BPMSU21050171 | 05/26/2021 | II | 05/26/2021 | Libros |